000
00207nam a22000857a 4500
008
170116b xxu||||| |||| 00| 0 eng d
100
_9
2416
_a
Singh.A.K.
245
_a
A to Z Cricket
260
_a
New delhi
_b
SET
_c
2009
999
_c
5454
_d
5454